| 000 | 00381nam a2200169Ia 4500 | ||
|---|---|---|---|
| 001 | 13482 | ||
| 003 | IN-NITTTR | ||
| 005 | 20251114233126.0 | ||
| 008 | 251113s9999||||xx |||||||||||||| ||eng|| | ||
| 040 | _beng | ||
| 040 | _cIN-NITTTR | ||
| 041 | _aeng | ||
| 082 | _a621.381528 M856S | ||
| 100 | _aMotorola, | ||
| 245 | 0 |
_aSmall signal transistors. / _cMotorola |
|
| 942 |
_2ddc _cBK |
||
| 999 |
_c16118 _d16118 |
||